000
00303nam a22001337a 4500
082
_a
894.812
_b
RAJ/T
100
_a
NARAYANA SWAMI, RAJU
245
_a
THAKARNN MANIYUM NILAYKATHA NADHAVUM
260
_a
THRISSUR
_b
CURRENT BOOKS
_c
1998
300
_a
144
520
_a
NOVEL
650
_a
NOVEL
942
_c
BK
999
_c
5493
_d
5493